The case of the Waylaid Wolf (Record no. 192677)

MARC details
000 -LEADER
fixed length control field 00714 a2200229 4500
003 - CONTROL NUMBER IDENTIFIER
control field dpl
005 - DATE AND TIME OF LATEST TRANSACTION
control field 20220929145414.0
008 - FIXED-LENGTH DATA ELEMENTS--GENERAL INFORMATION
fixed length control field 220929b ||||| |||| 00| 0 eng d
020 ## - INTERNATIONAL STANDARD BOOK NUMBER
International Standard Book Number 818673497
Terms of availability 75.00
035 ## - SYSTEM CONTROL NUMBER
System control number B-211075
037 ## - SOURCE OF ACQUISITION
Source of stock number/acquisition RP-PV-4 / PANSY-07-08:5 / RP-07-08:ENG
040 ## - CATALOGING SOURCE
Transcribing agency dpl
082 14 - DEWEY DECIMAL CLASSIFICATION NUMBER
Classification number N
100 1# - MAIN ENTRY--PERSONAL NAME
Personal name Gardner, Erle Stanley
245 1# - TITLE STATEMENT
Title The case of the Waylaid Wolf
Statement of responsibility, etc by Erle Stanley Gardner
260 ## - PUBLICATION, DISTRIBUTION, ETC. (IMPRINT)
Place of publication, distribution, etc Bangalore
Name of publisher, distributor, etc Master Mind Books
Date of publication, distribution, etc 2005r
270 ## - ADDRESS
Address No. 25, Vasan Towers, Dr. TCM Royan Raod
Postal code 560053
Telephone number 080-26705679
Electronic mail address vasanbks@bgl.net.in
300 ## - PHYSICAL DESCRIPTION
Extent 208 p
Dimensions 18 cm (pbk)
490 ## - SERIES STATEMENT
Series statement A perry mason mystery
500 ## - GENERAL NOTE
General note This is reprint 2005
942 ## - ADDED ENTRY ELEMENTS (KOHA)
Institution code [OBSOLETE] dpl
Koha item type English Books
Call number prefix N / GAR
Source of classification or shelving scheme Dewey Decimal Classification
Holdings
Withdrawn status Lost status Source of classification or shelving scheme Damaged status Not for loan Collection code Home library Current library Date acquired Total Checkouts Barcode Date last seen Date checked out Cost, replacement price Price effective from Koha item type
    Dewey Decimal Classification     Fiction Sarojini Nagar Sarojini Nagar 29/09/2022 2 B-0211075 06/10/2025 22/09/2025 75.00 29/09/2022 English Books

© Delhi Public Library
Hit Counter
free hit counter